[Event "Fagernes op"]
[Site "Fagernes"]
[Date "2024.03.28"]
[Round "6"]
[White "Oksendal, Martin"]
[Black "Melaa, Sondre Lillestol"]
[Result "0-1"]
[WhiteElo "2086"]
[BlackElo "2285"]
[PlyCount "68"]
[EventDate "2024.03.24"]
[EventType "swiss"]
[EventRounds "9"]
[EventCountry "NOR"]
[SourceTitle "CB14_2024"]
[SourceDate "2024.04.01"]
[SourceVersion "1"]
[SourceVersionDate "2024.04.01"]
[SourceQuality "1"]

1. e4 e5 2. Nf3 Nc6 3. Bb5 Nge7 4. Nc3 Ng6 5. d4 exd4 6. Nxd4 Nxd4 7. Qxd4 c6 8. Be2 Qb6 9. Qd3 Be7 10. 0-0 0-0 11. a4 d6 12. Be3 Qa5 13. f4 f5 14. Qc4+ Kh8 15. b4 Qd8 16. b5 Qe8 17. bxc6 bxc6 18. e5 dxe5 19. fxe5 Nxe5 20. Qf4 Ng6 21. Qc4 a5 22. Rfe1 Bb4 23. Bd4 Be6 24. Qd3 Rd8 25. Qe3 f4 26. Qf2 c5 27. Bg4 Bxg4 28. Rxe8 Rfxe8 29. h3 Bh5 30. g4 fxg3 31. Qf5 cxd4 32. Qxh5 dxc3 33. Qb5 Re5 34. Qb6 Bc5+ 0-1

[Event "Fagernes op"]
[Site "Fagernes"]
[Date "2024.03.27"]
[Round "4"]
[White "Nielsen, Viktor Haarmark"]
[Black "Oksendal, Martin"]
[Result "1-0"]
[WhiteElo "2351"]
[BlackElo "2086"]
[PlyCount "119"]
[EventDate "2024.03.24"]
[EventType "swiss"]
[EventRounds "9"]
[EventCountry "NOR"]
[SourceTitle "CB14_2024"]
[SourceDate "2024.04.01"]
[SourceVersion "1"]
[SourceVersionDate "2024.04.01"]
[SourceQuality "1"]

1. d4 Nf6 2. c4 e6 3. Nf3 d5 4. g3 dxc4 5. Bg2 Bb4+ 6. Bd2 a5 7. Qc2 Bxd2+ 8. Qxd2 c6 9. a4 b5 10. axb5 cxb5 11. Qg5 0-0 12. Qxb5 Ba6 13. Qxa5 Bb7 14. Qxd8 Rxa1 15. Qxf8+ Kxf8 16. 0-0 Ra2 17. Ne5 Bxg2 18. Kxg2 Rxb2 19. Re1 Rb4 20. Rc1 Rb2 21. Nxc4 Rb4 22. Nbd2 Nbd7 23. Nf3 Ra4 24. Rc2 Nd5 25. Ncd2 Ra7 26. Ne4 Ke7 27. Nc3 Nxc3 28. Rxc3 h6 29. h4 Kd6 30. e4 f6 31. h5 Ra2 32. Rc8 Ke7 33. Nh4 Ra4 34. Ng6+ Kd6 35. Rg8 Rxd4 36. Rxg7 Rxe4 37. Rh7 Re2 38. Rxh6 Ne5 39. Nxe5 Kxe5 40. Rg6 Ra2 41. h6 Ra8 42. h7 Rh8 43. f4+ Kd6 44. Rg7 e5 45. g4 exf4 46. Kf3 Ke5 47. Re7+ Kd6 48. Ra7 Ke5 49. Rg7 Ra8 50. Re7+ Kd6 51. Rb7 Ke5 52. Rb5+ Ke6 53. Rh5 Rh8 54. Kxf4 Kf7 55. Kf5 Kg7 56. Rh1 Kf7 57. Ra1 Kg7 58. Ra7+ Kh6 59. Kxf6 Rg8 60. hxg8N# 1-0

[Event "Fagernes op"]
[Site "Fagernes"]
[Date "2024.03.26"]
[Round "3"]
[White "Oksendal, Martin"]
[Black "Kenneskog, Theodor"]
[Result "1/2-1/2"]
[WhiteElo "2086"]
[BlackElo "2358"]
[PlyCount "43"]
[EventDate "2024.03.24"]
[EventType "swiss"]
[EventRounds "9"]
[EventCountry "NOR"]
[SourceTitle "CB14_2024"]
[SourceDate "2024.04.01"]
[SourceVersion "1"]
[SourceVersionDate "2024.04.01"]
[SourceQuality "1"]

1. e4 c5 2. Nf3 d6 3. d4 cxd4 4. Nxd4 Nf6 5. Nc3 a6 6. Bg5 e6 7. f4 Be7 8. Qf3 Qc7 9. 0-0-0 Nbd7 10. g4 h6 11. Bxf6 Bxf6 12. h4 Nb6 13. g5 Bxd4 14. Rxd4 Qc5 15. Qd3 hxg5 16. b4 Qc7 17. fxg5 Bd7 18. Rxd6 Nc8 19. Rd4 Nb6 20. Rd6 Nc8 21. Rd4 Nb6 22. Rd6 1/2-1/2

[Event "Fagernes op"]
[Site "Fagernes"]
[Date "2024.03.24"]
[Round "1"]
[White "Oksendal, Martin"]
[Black "Elsness, Frode"]
[Result "1/2-1/2"]
[WhiteElo "2086"]
[BlackElo "2437"]
[PlyCount "61"]
[EventDate "2024.03.24"]
[EventType "swiss"]
[EventRounds "9"]
[EventCountry "NOR"]
[SourceTitle "CB14_2024"]
[SourceDate "2024.04.01"]
[SourceVersion "1"]
[SourceVersionDate "2024.04.01"]
[SourceQuality "1"]

1. e4 e5 2. Nf3 Nc6 3. Bb5 a6 4. Ba4 Nf6 5. 0-0 b5 6. Bb3 Bc5 7. a4 Rb8 8. c3 d6 9. d4 Bb6 10. axb5 axb5 11. Na3 0-0 12. Nxb5 Bg4 13. Bc2 Bxf3 14. gxf3 Nh5 15. f4 Nxf4 16. Bxf4 exf4 17. Qg4 Ne7 18. Qxf4 f5 19. exf5 c6 20. Na3 d5 21. Rae1 Bc7 22. Qg4 Rf6 23. Kh1 Qd6 24. f4 Rbf8 25. Rg1 R8f7 26. Re6 Qxf4 27. Qxf4 Bxf4 28. Rxf6 Rxf6 29. Rf1 Bd6 30. Kg2 Rh6 31. h3 1/2-1/2

[Event "Uppsala Young Champions 10th"]
[Site "Uppsala"]
[Date "2023.10.28"]
[Round "2"]
[White "Oksendal, Martin"]
[Black "Mai, Alexander Oliver"]
[Result "1-0"]
[WhiteElo "2123"]
[BlackElo "2118"]
[PlyCount "107"]
[EventDate "2023.10.27"]
[EventType "swiss"]
[EventRounds "9"]
[EventCountry "SWE"]
[SourceTitle "Mega2024 Update 01"]
[Source "Chessbase"]
[SourceDate "2023.11.12"]
[SourceVersion "1"]
[SourceVersionDate "2023.11.12"]
[SourceQuality "1"]

1. e4 e5 2. Nf3 Nf6 3. Nxe5 d6 4. Nf3 Nxe4 5. d4 d5 6. Bd3 Bd6 7. 0-0 0-0 8. c4 c6 9. Nc3 Nxc3 10. bxc3 dxc4 11. Bxc4 Bf5 12. Bg5 Qc7 13. Bh4 Nd7 14. Bd3 Bxd3 15. Qxd3 Rfe8 16. Rad1 Nf8 17. Bg3 Ng6 18. c4 Rad8 19. Rfe1 h6 20. Bxd6 Rxe1+ 21. Rxe1 Qxd6 22. g3 Nf8 23. Kg2 Ne6 24. h4 Qc7 25. Qf5 Rd6 26. d5 cxd5 27. cxd5 Nf8 28. Rd1 Qc5 29. Qe4 b5 30. Ne5 Ra6 31. Rd2 Rf6 32. Ng4 Rb6 33. Ne3 a5 34. Rc2 Qa3 35. Rc8 Rf6 36. Nf5 g6 37. Nxh6+ Kh7 38. Ng4 Rf5 39. Ne3 Rf6 40. Qe5 Kg7 41. Ng4 Qf3+ 42. Kh3 Qh1+ 43. Nh2 Nh7 44. g4 Qb1 45. Rc3 Kg8 46. Rc8+ Kg7 47. Kg2 Qxa2 48. g5 Qxf2+ 49. Kh1 Qxh4 50. gxf6+ Nxf6 51. d6 Qh3 52. Rc3 Qh4 53. d7 Qh8 54. Rc8 1-0

[Event "Fagernes Autumn op"]
[Site "Fagernes"]
[Date "2023.10.09"]
[Round "2"]
[White "Yaniv, Yuval"]
[Black "Oksendal, Martin"]
[Result "1-0"]
[WhiteElo "2382"]
[BlackElo "2123"]
[PlyCount "41"]
[EventDate "2023.10.08"]
[EventType "swiss"]
[EventRounds "9"]
[EventCountry "NOR"]
[SourceTitle "Mega2024 Update 01"]
[Source "Chessbase"]
[SourceDate "2023.11.12"]
[SourceVersion "1"]
[SourceVersionDate "2023.11.12"]
[SourceQuality "1"]

1. e4 c5 2. Nc3 d6 3. f4 g6 4. Nf3 Bg7 5. Bb5+ Bd7 6. Bc4 Nc6 7. d3 e6 8. f5 exf5 9. 0-0 Nge7 10. Qe1 Ne5 11. Nxe5 Bxe5 12. Bh6 Ng8 13. Bf4 Bxf4 14. Rxf4 Qg5 15. Nd5 Kf8 16. Qc3 f6 17. h4 Qg3 18. Raf1 g5 19. R1f3 gxf4 20. Rxg3 fxg3 21. Nxf6 1-0

[Event "NOR-chT Elite 2223"]
[Site "Norway"]
[Date "2023.03.05"]
[Round "9.35"]
[White "Oksendal, Martin"]
[Black "Strand, Kjetil"]
[Result "1-0"]
[WhiteElo "2049"]
[BlackElo "1953"]
[PlyCount "65"]
[EventDate "2022.11.11"]
[EventType "team-tourn"]
[EventRounds "9"]
[EventCountry "NOR"]
[SourceTitle "CBM 213 Extra"]
[Source "ChessBase"]
[SourceDate "2023.05.31"]
[SourceVersion "1"]
[SourceVersionDate "2023.05.31"]
[SourceQuality "1"]
[WhiteTeam "Hell"]
[BlackTeam "Asker"]
[WhiteTeamCountry "NOR"]
[BlackTeamCountry "NOR"]

1. e4 e5 2. Nf3 Nc6 3. Bb5 a6 4. Ba4 Nf6 5. 0-0 Be7 6. Re1 b5 7. Bb3 d6 8. c3 0-0 9. h3 Na5 10. Bc2 c5 11. d4 Qc7 12. Nbd2 cxd4 13. cxd4 Nc6 14. Nb3 Bd7 15. Be3 Rfe8 16. Rc1 Rac8 17. Qd2 exd4 18. Nbxd4 Ne5 19. Nxe5 dxe5 20. Nf5 Bc6 21. Bh6 g6 22. Nxe7+ Qxe7 23. Bg5 Red8 24. Qe3 Rd4 25. f4 Rcd8 26. Rf1 R8d6 27. fxe5 Qxe5 28. Bf4 Qe8 29. Bxd6 Rxd6 30. Qf4 Re6 31. Bb3 Nxe4 32. Bxe6 Qxe6 33. Rxc6 1-0

[Event "Kragero op"]
[Site "Kragero"]
[Date "2023.02.24"]
[Round "6"]
[White "Domalchuk Jonasson, Aleksandr"]
[Black "Oksendal, Martin"]
[Result "1/2-1/2"]
[WhiteElo "2336"]
[BlackElo "2041"]
[PlyCount "100"]
[EventDate "2023.02.22"]
[EventType "swiss"]
[EventRounds "9"]
[EventCountry "NOR"]
[SourceTitle "CBM 212 Extra"]
[Source "ChessBase"]
[SourceDate "2023.03.31"]
[SourceVersion "1"]
[SourceVersionDate "2023.03.31"]
[SourceQuality "1"]

1. d4 Nf6 2. c4 g6 3. Nc3 d5 4. cxd5 Nxd5 5. e4 Nxc3 6. bxc3 Bg7 7. Be3 c5 8. Nf3 Qa5 9. Qd2 Nc6 10. Rb1 cxd4 11. cxd4 Qxd2+ 12. Kxd2 0-0 13. Bd3 e6 14. Rhc1 Rd8 15. Rc4 Na5 16. Rc7 b6 17. Rbc1 Bb7 18. Ke2 h6 19. Bd2 Rab8 20. Bxa5 bxa5 21. Rb1 Ba8 22. Rxb8 Rxb8 23. Rxa7 f5 24. Ke3 fxe4 25. Bxe4 Bxe4 26. Kxe4 Rb2 27. Rxa5 Rxf2 28. g3 g5 29. g4 Re2+ 30. Kd3 Rg2 31. Ra8+ Kf7 32. a4 Rxg4 33. a5 Rg2 34. a6 g4 35. Nd2 Rxh2 36. a7 Rh3+ 37. Ke4 Ra3 38. Nc4 Ra6 39. Nd6+ Rxd6 40. Rc8 Rxd4+ 41. Ke3 Ra4 42. a8Q Rxa8 43. Rxa8 h5 44. Kf4 Kf6 45. Ra5 Bh6+ 46. Kg3 Bg5 47. Ra1 Kf5 48. Rf1+ Ke4 49. Rh1 Bf4+ 50. Kg2 e5 1/2-1/2

[Event "Kragero op"]
[Site "Kragero"]
[Date "2023.02.23"]
[Round "3"]
[White "Nesse, David"]
[Black "Oksendal, Martin"]
[Result "0-1"]
[WhiteElo "1963"]
[BlackElo "2041"]
[PlyCount "106"]
[EventDate "2023.02.22"]
[EventType "swiss"]
[EventRounds "9"]
[EventCountry "NOR"]
[SourceTitle "CBM 212 Extra"]
[Source "ChessBase"]
[SourceDate "2023.03.31"]
[SourceVersion "1"]
[SourceVersionDate "2023.03.31"]
[SourceQuality "1"]

1. e4 c5 2. Nf3 d6 3. d4 cxd4 4. Nxd4 Nf6 5. Nc3 a6 6. f3 e5 7. Nb3 Be7 8. Be3 Be6 9. Qd2 h5 10. Nd5 Bxd5 11. exd5 Nbd7 12. Be2 Qc7 13. 0-0 Nb6 14. c4 Nxc4 15. Bxc4 Qxc4 16. Rfd1 0-0 17. Na5 Qb5 18. a4 Qd7 19. Qb4 Bd8 20. Nc4 Ne8 21. f4 a5 22. Qc3 exf4 23. Bb6 Nf6 24. Bxa5 Bxa5 25. Nxa5 Rfc8 26. Qb4 Qc7 27. Nb3 Qc4 28. Qxc4 Rxc4 29. Rd4 Rc2 30. Rd2 Rxd2 31. Nxd2 Nxd5 32. Nc4 Rc8 33. Nxd6 Rc2 34. Nxb7 Ne3 35. a5 Rxg2+ 36. Kh1 f3 37. Nc5 Rxb2 38. a6 f2 39. a7 Ra2 40. a8Q+ Rxa8 41. Rxa8+ Kh7 42. Ra1 f1R+ 43. Rxf1 Nxf1 44. Ne4 Ne3 45. h3 Kg6 46. Kh2 f5 47. Nd2 f4 48. h4 Kf5 49. Kh3 Ng4 50. Nf3 Nf2+ 51. Kg2 Ne4 52. Kh3 g5 53. Nd4+ Ke5 0-1

[Event "Kragero op"]
[Site "Kragero"]
[Date "2023.02.22"]
[Round "1"]
[White "Mitusov, Semen"]
[Black "Oksendal, Martin"]
[Result "1-0"]
[WhiteElo "2396"]
[BlackElo "2041"]
[PlyCount "126"]
[EventDate "2023.02.22"]
[EventType "swiss"]
[EventRounds "9"]
[EventCountry "NOR"]
[SourceTitle "CBM 212 Extra"]
[Source "ChessBase"]
[SourceDate "2023.03.31"]
[SourceVersion "1"]
[SourceVersionDate "2023.03.31"]
[SourceQuality "1"]

1. e4 c5 2. Nf3 d6 3. d4 cxd4 4. Nxd4 Nf6 5. Nc3 a6 6. h3 e5 7. Nde2 Be6 8. g4 d5 9. exd5 Nxd5 10. Bg2 Bb4 11. 0-0 Bxc3 12. bxc3 Nc6 13. Rb1 0-0 14. Ba3 Re8 15. c4 Nf4 16. Nxf4 exf4 17. Rxb7 Ne5 18. Bb2 f3 19. Bh1 Bxc4 20. Qxd8 Raxd8 21. Re1 Be2 22. Bxe5 Rxe5 23. Rb3 Rc5 24. Bxf3 Bxf3 25. Rxf3 Rxc2 26. Re7 f6 27. Rb3 Kh8 28. a3 h6 29. Rbb7 Rg8 30. Ra7 Rc6 31. Kg2 Kh7 32. a4 Kg6 33. Kg3 h5 34. gxh5+ Kxh5 35. Rxg7 Rc3+ 36. f3 Rxg7+ 37. Rxg7 f5 38. Rh7+ Kg5 39. h4+ Kg6 40. Ra7 Rc6 41. a5 Kh5 42. Rh7+ Kg6 43. Rb7 Rc4 44. Kh3 Kh5 45. Rh7+ Kg6 46. Ra7 Kh5 47. Rxa6 Rxh4+ 48. Kg3 Ra4 49. Ra8 f4+ 50. Kh3 Ra3 51. a6 Kg6 52. Kg4 Ra4 53. Kh4 Kh6 54. Ra7 Kg6 55. Kg4 Kf6 56. Kh5 Ra1 57. Ra8 Ra5+ 58. Kh6 Ra1 59. Rf8+ Ke7 60. Rxf4 Rxa6+ 61. Kg7 Ra5 62. Re4+ Kd6 63. f4 Kd5 1-0

[Event "EU-ch U14 30th"]
[Site "Antalya"]
[Date "2022.11.10"]
[Round "5"]
[White "Tsarsitalidis, Christos"]
[Black "Oksendal, Martin"]
[Result "1/2-1/2"]
[WhiteElo "2127"]
[BlackElo "1886"]
[PlyCount "43"]
[EventDate "2022.11.06"]
[EventType "swiss"]
[EventRounds "9"]
[EventCountry "TUR"]
[SourceTitle "EXT 2024"]
[Source "ChessBase"]
[SourceDate "2023.10.10"]
[SourceVersion "1"]
[SourceVersionDate "2023.10.10"]
[SourceQuality "1"]

1. e4 e5 2. Nf3 Nc6 3. Bc4 Bc5 4. c3 Nf6 5. d4 exd4 6. e5 d5 7. Bb5 Ne4 8. cxd4 Bb6 9. Nc3 0-0 10. Be3 Bg4 11. h3 Bh5 12. Qc2 Nxc3 13. bxc3 Bxf3 14. gxf3 f6 15. Bd3 fxe5 16. Bxh7+ Kh8 17. Rg1 Qh4 18. Bf5 exd4 19. Bg5 Rfe8+ 20. Kf1 d3 21. Bxh4 dxc2 22. Bxc2 1/2-1/2

[Event "Wch U14"]
[Site "Mamaia"]
[Date "2022.09.10"]
[Round "5"]
[White "Oksendal, Martin"]
[Black "Lazic, Emanuel"]
[Result "1/2-1/2"]
[WhiteElo "1921"]
[BlackElo "2098"]
[PlyCount "103"]
[EventDate "2022.09.06"]
[EventType "swiss"]
[EventRounds "11"]
[EventCountry "ROU"]
[SourceTitle "CBM 210 Extra"]
[Source "ChessBase"]
[SourceDate "2022.11.30"]
[SourceVersion "1"]
[SourceVersionDate "2022.11.30"]
[SourceQuality "1"]

1. e4 c5 2. c3 d5 3. exd5 Qxd5 4. d4 Nf6 5. Nf3 e6 6. Na3 Nc6 7. Be3 cxd4 8. Nb5 Qd8 9. Nbxd4 Nxd4 10. Qxd4 Qxd4 11. Bxd4 Nd7 12. 0-0-0 f6 13. Bc4 e5 14. Rhe1 Be7 15. Nxe5 fxe5 16. Bxe5 Kd8 17. Bxg7 Re8 18. Kb1 Bg5 19. Be5 Rf8 20. f4 Bf6 21. Bd6 Rh8 22. g4 h6 23. Bf7 a5 24. Re6 Ra6 25. Rde1 Rxd6 26. Rxd6 Rf8 27. Be6 Kc7 28. Red1 Rd8 29. Bxd7 Rxd7 30. Rxd7+ Bxd7 31. Rg1 Kd6 32. Kc2 Be6 33. a4 Bd7 34. b3 Be6 35. h4 Kd5 36. h5 Bg7 37. Kd3 Bg8 38. Re1 Kd6 39. b4 Be6 40. f5 Bd7 41. bxa5 Be5 42. Rb1 Bc6 43. Rf1 Bf6 44. Re1 Be5 45. g5 hxg5 46. h6 Bd7 47. Rf1 Bf4 48. Rxf4 gxf4 49. Ke4 f3 50. Kxf3 Bxf5 51. a6 bxa6 52. Ke3 1/2-1/2

[Event "Sitges op 46th"]
[Site "Sitges"]
[Date "2022.07.22"]
[Round "1"]
[White "Berdayes Ason, Dylan Isidro"]
[Black "Oksendal, Martin"]
[Result "1-0"]
[WhiteElo "2480"]
[BlackElo "2010"]
[PlyCount "67"]
[EventDate "2022.07.22"]
[EventType "swiss"]
[EventRounds "9"]
[EventCountry "ESP"]
[SourceTitle "CBM 209 Extra"]
[Source "ChessBase"]
[SourceDate "2022.09.30"]
[SourceVersion "1"]
[SourceVersionDate "2022.09.30"]
[SourceQuality "1"]

1. d4 Nf6 2. c4 g6 3. Nc3 d5 4. cxd5 Nxd5 5. e4 Nxc3 6. bxc3 Bg7 7. Nf3 c5 8. Bb5+ Nc6 9. Rb1 0-0 10. d5 Bxc3+ 11. Bd2 Bxd2+ 12. Qxd2 Nd4 13. Nxd4 cxd4 14. Qxd4 e6 15. d6 e5 16. Qd2 Be6 17. Be2 Qd7 18. Bb5 Qd8 19. 0-0 a6 20. Be2 Qd7 21. Rfd1 Rac8 22. Qb2 Rc6 23. Qxe5 Rd8 24. h4 Rxd6 25. h5 Qc7 26. Rxd6 Qxd6 27. Qxd6 Rxd6 28. Rxb7 gxh5 29. a3 Rd2 30. Bxh5 Ra2 31. f4 Kf8 32. f5 Bc4 33. f6 Ke8 34. Bg4 1-0

[Event "Ostersund Storsjodraget op"]
[Site "Ostersund"]
[Date "2022.06.12"]
[Round "6"]
[White "Hammarstrom, Ulf"]
[Black "Oksendal, Martin"]
[Result "1-0"]
[WhiteElo "2225"]
[BlackElo "1990"]
[PlyCount "85"]
[EventDate "2022.06.10"]
[EventType "swiss"]
[EventRounds "7"]
[EventCountry "SWE"]
[SourceTitle "CBM 208 Extra"]
[Source "ChessBase"]
[SourceDate "2022.07.31"]
[SourceVersion "1"]
[SourceVersionDate "2022.07.31"]
[SourceQuality "1"]

1. Nf3 Nf6 2. c4 e6 3. e3 d5 4. b3 Be7 5. Bb2 0-0 6. Nc3 c5 7. cxd5 exd5 8. d4 Nc6 9. Be2 Bg4 10. 0-0 Bxf3 11. Bxf3 cxd4 12. exd4 Qd7 13. Rc1 Rfe8 14. Re1 Bd6 15. Rxe8+ Rxe8 16. g3 Qf5 17. Bg2 Nb4 18. Qd2 h5 19. Nb5 Bf8 20. a3 Qd3 21. Bc3 Re2 22. Qd1 Qxd1+ 23. Rxd1 Na2 24. Bd2 Ne4 25. Bxe4 Rxe4 26. Ra1 a6 27. Nc7 Bd6 28. Na8 Rxd4 29. Rxa2 Bxa3 30. Kf1 Bb4 31. Ra4 a5 32. Bxb4 axb4 33. Nb6 g5 34. Ke2 h4 35. Ra5 Re4+ 36. Kd3 hxg3 37. hxg3 Re1 38. Rxd5 f6 39. Rd4 Rd1+ 40. Kc4 Rc1+ 41. Kxb4 Rc2 42. f4 g4 43. f5 1-0

[Event "Ostersund Storsjodraget op"]
[Site "Ostersund"]
[Date "2022.06.10"]
[Round "2"]
[White "Oksendal, Martin"]
[Black "Soderstrom, Adrian"]
[Result "1/2-1/2"]
[WhiteElo "1990"]
[BlackElo "2278"]
[PlyCount "212"]
[EventDate "2022.06.10"]
[EventType "swiss"]
[EventRounds "7"]
[EventCountry "SWE"]
[SourceTitle "CBM 208 Extra"]
[Source "ChessBase"]
[SourceDate "2022.07.31"]
[SourceVersion "1"]
[SourceVersionDate "2022.07.31"]
[SourceQuality "1"]

1. e4 e5 2. Nf3 Nc6 3. Nc3 Nf6 4. d4 exd4 5. Nxd4 Bb4 6. Nxc6 bxc6 7. Bd3 d5 8. Bd2 0-0 9. 0-0 Re8 10. Re1 Rb8 11. a3 Bd6 12. Bg5 d4 13. e5 Rxe5 14. Ne4 Rxg5 15. Nxg5 Bg4 16. f3 Bh5 17. b3 Nd5 18. Ne4 Bf4 19. g3 Be3+ 20. Kg2 f5 21. Nc5 Qd6 22. b4 Kh8 23. Bxf5 Rf8 24. Qd3 Qf6 25. Nd7 Qxf5 26. Qxf5 Rxf5 27. g4 Nf4+ 28. Kg3 Rd5 29. Rxe3 dxe3 30. Kxf4 Bg6 31. Nc5 e2 32. Re1 Rd2 33. Ke3 Rxc2 34. Rxe2 Rc3+ 35. Kf2 Rxa3 36. Re7 h6 37. Rxc7 Ra2+ 38. Kg3 Rb2 39. Rxc6 Kh7 40. Rc7 Kg8 41. Ne6 Bf7 42. Nd8 Bd5 43. Rd7 Bc4 44. Nc6 Bb5 45. Ne7+ Kh7 46. Rxa7 Bd3 47. Rb7 Rb3 48. Kf4 Be2 49. Nf5 Rxf3+ 50. Ke5 Kh8 51. Rb8+ Kh7 52. Rb7 Kh8 53. Nxg7 Re3+ 54. Kf4 Rc3 55. Nf5 Rc4+ 56. Ke5 Bxg4 57. Nxh6 Bf3 58. Rb8+ Kh7 59. Nf5 Rc2 60. b5 Re2+ 61. Kd6 Rxh2 62. b6 Rd2+ 63. Ke5 Bd1 64. b7 Rb2 65. Nd6 Bf3 66. Ne4 Rb5+ 67. Kf4 Bh1 68. Nf6+ Kg7 69. Rg8+ Kxf6 70. b8Q Rxb8 71. Rxb8 Bd5 72. Rb5 Be6 73. Rb6 Kf7 74. Ke5 Ba2 75. Ra6 Bb3 76. Rf6+ Kg7 77. Rb6 Ba2 78. Kf5 Bc4 79. Rb7+ Kh8 80. Kg6 Ba2 81. Rh7+ Kg8 82. Ra7 Bb1+ 83. Kf6 Kh8 84. Ra8+ Kh7 85. Rb8 Ba2 86. Rb7+ Kh8 87. Kg6 Bg8 88. Rg7 Bd5 89. Rh7+ Kg8 90. Rh4 Ba2 91. Kf6 Bb3 92. Rg4+ Kh8 93. Rg2 Bg8 94. Kg6 Bh7+ 95. Kh6 Bg8 96. Kg6 Bc4 97. Rg3 Ba2 98. Rh3+ Kg8 99. Rh1 Bf7+ 100. Kf6 Bb3 101. Rh3 Ba2 102. Rf3 Bd5 103. Rf5 Ba2 104. Rf4 Bb3 105. Rb4 Ba2 106. Rb8+ Kh7 1/2-1/2